000 00451nam a2200157Ia 4500
008 210716s2014 xx 000 0 und d
020 _a9781107461703
041 _aeng
082 _a658.872 NGIR
100 _aIrene, C L NG.
245 _aCreating new markets in the digital economy: value and worth.
_bvalue and worth.
250 _a1
260 _aNew Delhi
_bCambridge University Press
_c2014
300 _axx,238
650 _aGeneral Knowledge
999 _c208692
_d208692